000 00433nam a2200193Ia 4500
003 IT-RoPAU
008 120407s9999 xx 000 0 und d
040 _aIT-RoPAU
040 _cIT-RoPAU
100 _aPio XI
245 _aInviti all'eroismo. Discorsi di S.S. Pio XI…
250 _aRoma
260 _aCiviltà Cattolica
300 _c cm
490 _v2
600 _amanca il primo volume
942 _cBK
999 _c2043
_d2043